Normal view
MARC view
- Barrett, Ted, Hawkes, Chris
Entry Personal Name
001 - CONTROL NUMBER
- control field: 65360
003 - CONTROL NUMBER IDENTIFIER
- control field: NUST
005 - DATE AND TIME OF LATEST TRANSACTION
- control field: 20210628203425.0
008 - FIXED-LENGTH DATA ELEMENTS
- fixed length control field: 210628|| aca||aabn | a|a d
040 ## - CATALOGING SOURCE
- Original cataloging agency: NUST
- Transcribing agency: NUST
100 ## - HEADING--PERSONAL NAME
- Personal name: Barrett, Ted, Hawkes, Chris
670 ## - SOURCE DATA FOUND
- Source citation: Work cat.: (NUST): Barrett, Ted, Hawkes, Chris, The complete encyclopedia of golf, 2005
